Statystyki dla Trasa Autobusu 222 Warszawa

Kliknij tutaj aby rozwiązać quiz!

Ogólne statystyki

  • Ten quiz został rozwiązany 9 razy
  • Średni wynik to 16 z 26

Statystyki odpowiedzi

UlicePrzystanki% Poprawnych
PuławskaMalczewskiego
100%
SpartańskaSpartańska
100%
WoroniczaWoronicza
100%
PięknaPiękna
89%
BielańskaBielańska
78%
MalczewskiegoJoliot-Curie
78%
Joliot-CurieSamochodowa
78%
Plac BankowyPlac Bankowy
67%
Plac TeatralnyPlac Teatralny
67%
WaryńskiegoPlac Unii Lubelskiej
67%
MarszałkowskaPlac Zbawiciela
67%
Krakowskie PrzedmieścieUniwersytet
67%
Nowy ŚwiatFoksal
56%
PuławskaMorskie Oko
56%
PuławskaPark Dreszera
56%
Nowy ŚwiatPlac Trzech Krzyży
56%
MalczewskiegoPolskie Radio
56%
WoroniczaZajezdnia Woronicza
56%
PuławskaDworkowa
44%
Krakowskie PrzedmieścieHotel Bristol
44%
Nowy ŚwiatOrdynacka
44%
MarszałkowskaPlac Konstytucji
44%
Krakowskie PrzedmieściePlac Zamkowy
44%
PuławskaRakowiecka
44%
MarszałkowskaLitewska
22%
PięknaMokotowska
22%

Rozkład punktacji

Percentyl według liczby udzielonych odpowiedzi

Procent ludzi z każdym wynikiem

Twoja historia wyników

Nie rozwiązałeś tego quizu